000 00465nam a2200121Ia 4500
008 220615s9999||||xx |||||||||||||| ||und||
100 _aMeera Sabaratnam
245 0 _aDecolonising Intervention: International Statebuilding in Mozambique
546 _aEnglish[eng]
650 _aInternational Relations||Postcolonial Politics||Colonialism||Comparative Politics||Identity
856 _uhttps://www.rowmaninternational.com/media/1218/9781783482764_web.pdf
942 _cEB
999 _c8538
_d8538